00315 a2200133 450000100060000002000180000604000240002410000290004824000300007724500250010730000090013236200090014165000310015014345 a9788591784585 cAnchieta - Aquarius aWeber, Gabriel Kosminsky10a10 anos de aventuraslpor10a10 anos de aventuras a68p.0 a2017 4aLiteratura infanto-juvenil